Relaciones Estados Unidos-América Latina y el Caribe: la política Clinton North American Congress on Latin America

সংরক্ষণ করুন:
গ্রন্থ-পঞ্জীর বিবরন
বিন্যাস: পাঠ‍্য
ট্যাগগুলো: ট্যাগ যুক্ত করুন
কোনো ট্যাগ নেই, প্রথমজন হিসাবে ট্যাগ করুন!

MARC

LEADER 00000 a a2200000 04500
001 1187
003
040
245 |a Relaciones Estados Unidos-América Latina y el Caribe:   |b la política Clinton North American Congress on Latin America  
773 |g volumen 1; páginas 130-131  
999 |c 22717  |d 22717